Estampas de la guerra / (Record no. 113468)

MARC details
000 -LEADER
campo de control de longitud fija 00653nam a2200169 4500
001 - NÚMERO DE CONTROL
campo de control 113468
003 - IDENTIFICADOR DE NÚMERO DE CONTROL
campo de control ES-MaACL
005 - FECHA Y HORA DE LA ÚLTIMA TRANSACCIÓN
campo de control 20230906185914.0
007 - CAMPO FIJO DE DESCRIPCIÓN FÍSICA--INFORMACIÓN GENERAL
campo de control de longitud fija t|
008 - DATOS DE LONGITUD FIJA--INFORMACIÓN GENERAL
campo de control de longitud fija 061121s1939 sp r ||||1| spa d
100 1# - ENTRADA PRINCIPAL--NOMBRE DE PERSONA
Nombre de persona Noain, Toribio.
9 (RLIN) 85797
245 10 - MENCIÓN DEL TÍTULO
Título Estampas de la guerra /
Mención de responsabilidad, etc. director Toribio Noain.
260 ## - PUBLICACIÓN, DISTRIBUCIÓN, ETC.
Lugar de publicación, distribución, etc. San Sebastián :
Nombre del editor, distribuidor, etc. Editora Nacional,
Fecha de publicación, distribución, etc. 1939.
300 ## - DESCRIPCIÓN FÍSICA
Extensión 6 v. ;
Dimensiones 25 cm.
505 8# - NOTA DE CONTENIDO CON FORMATO
Nota de contenido con formato Contiene: Vol. I De Irún a Bilbao. Vol. II De Bilbao a Oviedo. Vol. III Frente de Aragón. Vol. IV De Aragón al mar. Vol. V. Frente de Andalucía y Extremadura. Vol. VI Toledo, Cataluña, Madrid.
852 ## - LOCALIZACIÓN
Ubicación ES-MaACL
Número de control de estantería F-15770-75
Sublocalización o colección R.18400
Holdings
Estatus retirado Estado de pérdida Estado de daño No para préstamo Biblioteca de origen Biblioteca actual Ubicación en estantería Fecha de adquisición Fuente de adquisición Total de préstamos Signatura topográfica completa Código de barras Visto por última vez Precio de reemplazo Tipo de ítem Koha
        Biblioteca del Ateneo de Madrid Biblioteca del Ateneo de Madrid Sala Pecera Planta 2 17/01/2008     F-15770-75 1118344 23/02/2023 23/02/2023 Libro impreso